• 首页
  • 本馆介绍
  • 公告通知
  • 最新文献
  • 馆藏检索
  • 电子资源
  • 读者导购
  • 参考咨询
  • 我的图书馆
  • 登录
  • 详细信息显示
  • 放入我的书架
  • 预约/预借图书
  • 作者相关作品
  • 分类相关作品
  • 丛书相关作品
  • 出版社相关作品

书目信息

  • 表格格式
  • 工作单格式
  • 卡片格式
题名:
国外消费品资料选编
    
 
作者: 中国情报所 编
分册: 二  
出版信息: 北京   科学技术文献出版社  1984.6
页数: 145页
开本: 26cm
丛书名:
单 册:
中图分类: T-11
科图分类:
主题词: 工业技术--技术现状 , 工业技术--概况
电子资源:
ISBN:
000 00612nam0 2200205 45
001 0312221749
005 20061124093932.62
010    @dCNY1.05
100    @a20031222d1984 km y0chiy0120 ea
101    @achi
105    @a z 000yy
200 1  @a国外消费品资料选编@Aguo wai xiao fei pin zi liao xuan bian@h二@f中国情报所编@FZhong Guo Qing Bao Suo Bian
210    @a北京@c科学技术文献出版社@d1984.6
215    @a145页@d26cm
606 0  @a工业技术@x技术现状
606 0  @a工业技术@x概况
690    @aT-11@v3
701 0  @a中国情报所@4编
801    @aCN@bTSTCL@c20061124
905    @a213230@dT-11@e41:2@b111790-791@f2
    
    国外消费品资料选编.二/中国情报所编.-北京:科学技术文献出版社,1984.6
    145页;26cm
    
    
    ISBN :CNY1.05
    
●
相关链接 在E读中查询图书 在五车中查询图书 在当当中查询图书 在豆瓣中查询图书


正题名:国外消费品资料选编     索取号:T-11/41:2         预约/预借

序号 登录号 条形码 馆藏地/架位号 状态 备注
1 0111790   000882398   第三借阅区/ [索取号:T-11/41:2] 在馆    
2 0111791   000882432   第二样本阅览室/ [索取号:T-11/41:2] 在馆    
唐山师范学院图书馆 欢迎您!
大连网信软件有限公司© 版权所有